| 000 | 00774cab a2200265 4500 | ||
|---|---|---|---|
| 001 | ABS55817 | ||
| 008 | 090401t1996 xxu||||| |||| 00| 0 eng d | ||
| 035 | _a(Sirsi) u18956 | ||
| 041 | _aeng | ||
| 100 | _aEaves, B | ||
| 245 | _aTerrorism puts a bomb under building insurance | ||
| 260 | _c1996 | ||
| 350 | _a0 | ||
| 490 |
_aCSM (Chartered Surveyor Monthly) _v5(11) September 1996, 32-33(2) |
||
| 520 | _aConsiders the insurance implications of the bombs in Manchester and South Quay for commercial and residential owners and occupiers. | ||
| 650 | _aBOMB DAMAGE | ||
| 650 | _aBOMBS | ||
| 650 | _aDOCKLANDS BOMB | ||
| 650 | _aMANCHESTER | ||
| 650 | _aSOUTH QUAY | ||
| 650 | _aTERRORISM | ||
| 690 |
_aINSURANCE _96249 |
||
| 942 | _n0 | ||
| 948 | _c04/03/1997 | ||
| 999 |
_c12612 _d12612 |
||